Normal view
MARC view
- Kurei M. Pereira
Entry Personal Name
001 - CONTROL NUMBER
- control field: 5178
003 - CONTROL NUMBER IDENTIFIER
- control field: URS
005 - DATE AND TIME OF LATEST TRANSACTION
- control field: 20230706082725.0
008 - FIXED-LENGTH DATA ELEMENTS
- fixed length control field: 230706|| aca||aabn | a|a d
040 ## - CATALOGING SOURCE
- Original cataloging agency: URS
100 ## - HEADING--PERSONAL NAME
- Personal name: Kurei M. Pereira
- Relator term: Author